000 00700nam a22002293 4500
001 75036
003 BD-RjUL
005 20211209082633.0
008 980204s1936 xx 000 0 und d
035 _aBD-RjUL)75254
040 _aEQO
_cEQO
_beng
041 _aeng
082 _223
_a570.72
_bSCI 1935
245 1 4 _aThe science of living things : botany ; Zoology ; anatomy ; Physiology /
_cedited by A.H.G. Alston
260 _aLondon:
_c1935.
_bOdhams press,
300 _a512 P. :
_bill. ;
_c19
500 _aIncludes Index
650 _aBiology
_vStudy and teaching.
_9226886
700 _aAlston, A.H.G.
_9226887
942 _2ddc
_cBK
999 _c75036
_d75036